000 00279nam a22001217a 4500
008 170918b xxu||||| |||| 00| 0 eng d
041 _aeng
080 _a7
100 _a44
101 _aART
245 _aWATTEAU THE COLOUR LIBRARY OF ART
_cBROOKNER.A
942 _2udc
_cBK
999 _c28131
_d28131